| 000 -LEADER |
| fixed length control field |
01419cam a2200385 a 4500 |
| 001 - CONTROL NUMBER |
| control field |
3733451 |
| 003 - CONTROL NUMBER IDENTIFIER |
| control field |
OSt |
| 005 - DATE AND TIME OF LATEST TRANSACTION |
| control field |
20210416063322.0 |
| 008 - FIXED-LENGTH DATA ELEMENTS--GENERAL INFORMATION |
| fixed length control field |
810903s1981 mdu b 001 0 eng |
| 010 ## - LIBRARY OF CONGRESS CONTROL NUMBER |
| LC control number |
81014320 |
| 020 ## - INTERNATIONAL STANDARD BOOK NUMBER |
| International Standard Book Number |
0801826594 |
| 020 ## - INTERNATIONAL STANDARD BOOK NUMBER |
| International Standard Book Number |
0801826608 (pbk.) |
| 040 ## - CATALOGING SOURCE |
| Original cataloging agency |
DLC |
| Transcribing agency |
DLC |
| Modifying agency |
DLC |
| 050 00 - LIBRARY OF CONGRESS CALL NUMBER |
| Classification number |
RC522 |
| Item number |
.M3 |
| 080 ## - UNIVERSAL DECIMAL CLASSIFICATION NUMBER |
| Universal Decimal Classification number |
613.89 |
| Item number |
M-12 |
| 082 00 - DEWEY DECIMAL CLASSIFICATION NUMBER |
| Classification number |
649.8 |
| Edition number |
19 |
| 100 1# - MAIN ENTRY--PERSONAL NAME |
| Personal name |
Mace, Nancy L. |
| 245 14 - TITLE STATEMENT |
| Title |
The 36-hour day : |
| Remainder of title |
a family guide to caring for persons with Alzheimer's disease, related dementing illnesses, and memory loss in later life / |
| Statement of responsibility, etc. |
Nancy L. Mace, Peter V. Rabins. |
| 260 ## - PUBLICATION, DISTRIBUTION, ETC. |
| Place of publication, distribution, etc. |
Baltimore : |
| Name of publisher, distributor, etc. |
Johns Hopkins University Press, |
| Date of publication, distribution, etc. |
c1981. |
| 300 ## - PHYSICAL DESCRIPTION |
| Extent |
xvii, 253 p. ; |
| Dimensions |
24 cm. |
| 500 ## - GENERAL NOTE |
| General note |
Includes index. |
| 504 ## - BIBLIOGRAPHY, ETC. NOTE |
| Bibliography, etc. note |
Bibliography: p. 233-236. |
| 650 #0 - SUBJECT ADDED ENTRY--TOPICAL TERM |
| Topical term or geographic name entry element |
Alzheimer's disease |
| General subdivision |
Patients |
| -- |
Home care. |
| 650 #0 - SUBJECT ADDED ENTRY--TOPICAL TERM |
| Topical term or geographic name entry element |
Family Medicine |
| 9 (RLIN) |
119 |
| 650 #0 - SUBJECT ADDED ENTRY--TOPICAL TERM |
| Topical term or geographic name entry element |
Medicine |
| 9 (RLIN) |
69 |
| 650 #0 - SUBJECT ADDED ENTRY--TOPICAL TERM |
| Topical term or geographic name entry element |
Senile dementia |
| General subdivision |
Patients |
| -- |
Home care. |
| 653 ## - INDEX TERM--UNCONTROLLED |
| Uncontrolled term |
პაციენტის შინ მოვლა |
| 653 ## - INDEX TERM--UNCONTROLLED |
| Uncontrolled term |
საოჯახო მედიცინა |
| 653 ## - INDEX TERM--UNCONTROLLED |
| Uncontrolled term |
ალცაიმერის დაავადება |
| 700 1# - ADDED ENTRY--PERSONAL NAME |
| Personal name |
Rabins, Peter V. |
| 740 0# - ADDED ENTRY--UNCONTROLLED RELATED/ANALYTICAL TITLE |
| Uncontrolled related/analytical title |
Thirty six hour day. |
| 856 42 - ELECTRONIC LOCATION AND ACCESS |
| Materials specified |
Contributor biographical information |
| Uniform Resource Identifier |
<a href="http://www.loc.gov/catdir/bios/jhu051/81014320.html">http://www.loc.gov/catdir/bios/jhu051/81014320.html</a> |
| 906 ## - LOCAL DATA ELEMENT F, LDF (RLIN) |
| a |
7 |
| b |
cbc |
| c |
orignew |
| d |
1 |
| e |
ocip |
| f |
19 |
| g |
y-gencatlg |
| 942 ## - ADDED ENTRY ELEMENTS (KOHA) |
| Source of classification or shelving scheme |
|
| Koha item type |
Books |